Представление документа в формате MARC21

Поле Инд. ПП Название Значение
Тип записи a
Библиографический уровень c
001 Контрольный номер e95ad7e9168a41d88c86f8f9643dd87f
005 Дата корректировки 20251222114503.8
097 b Оператор *Ир*
245 10 a Заглавие Рабочая программа производственной практики, части формируемой участниками образовательных отношений Блок 2 «Практики» «Проектная». Направление подготовки бакалавров 20.03.01 Техносферная безопасность. Направленность (профиль): Безопасность технологических процессов и производств
b Продолж. заглавия в составе учебно-методического комплекса
c Ответственность Кафедра "Безопасность жизнедеятельности и экология"
c Ответственность разработчик А.М. Пузырев
260 a Место издания Тверь
b Издательство ТвГТУ
c Дата издания 2022
440 _0 a Серия УМК-РП
500 a Примечание 72/2025э
516 8_ a Прим. о типе комп. файла/ данных Текст : электронный
535 1_ a Хранилище Сервер
655 a Жанр/ форма (устаревшее) М
773 18 w Контрольный № источника 115524
900 a Имя макрообъекта 001-000189481-000000000-0000-0000-01
901 t Тип документа y
905 b Дата создания записи обработка 12.12.25
922 c Кафедра Безопасность жизнедеятельности и экологии
951 i EL-ТГТУ? Да
952 d Цикл дисциплин 6
g 1
a Тип литературы для КСУ ВШ П
990 j Количество экземпляров (DOS) 1